Kariera trenerska Jose Mourinho. - Statystyki

Ogólne statystyki
  • Ten quiz został rozwiązany 361 razy
    265 od ostatniego zresetowania
  • Średni wynik to 8 z 10
Statystyki odpowiedzi
Lata Klub % Poprawnych
2010-2013 Real Madryt
97%
2021-Teraz AS Roma
94%
2016-2018 Manchester United
94%
2004-2007 Chelsea
92%
2013-2015 Chelsea
92%
2002-2004 Porto
88%
2019-2021 Tottenham
86%
2008-2010 Inter
81%
2000-2000 Benfica
47%
2001-2002 Uniao de Leiria
0%
Nie znaleziono quizów pasujących do podanych kryteriów
Rozkład punktacji
Procent ludzi z każdym wynikiem
Percentyl według liczby udzielonych odpowiedzi
Twoja historia wyników
Nie rozwiązałeś tego quizu od ostatniego zresetowania